La gestión financiera de las empresas
Saved in:
| Hovedforfatter: | |
|---|---|
| Format: | Bog |
| Sprog: | spansk |
| Udgivet: |
Barcelona
Ariel
1962
|
| Serier: | Seminario de Derecho Mercantil de la Universidad de Barcelona, 2
|
| Fag: | |
| Tags: |
Tilføj Tag
Ingen Tags, Vær først til at tagge denne postø!
|
MARC
| LEADER | 00000nam a2200000 a 4500 | ||
|---|---|---|---|
| 001 | UCU7116 | ||
| 003 | CL-VaPUC | ||
| 008 | 960628e19620000SP |||||||||||||||||spa|d | ||
| 082 | 0 | 4 | |a 658.15 |b DEF |2 21 |
| 100 | 0 | |a Défossé, Gastón |e author |9 365653 | |
| 245 | 1 | 3 | |a La gestión financiera de las empresas |
| 300 | |a 510 p | ||
| 942 | |c BK | ||
| 945 | |d 19960628 00:00:00 |a cmena | ||
| 260 | |a Barcelona |b Ariel |c 1962 | ||
| 650 | 0 | |a Administración |9 259325 | |
| 650 | 0 | |a Administración de empresas |9 260833 | |
| 650 | 0 | |a Gestión |9 260993 | |
| 650 | 7 | |a FINANCIACION |2 CL-VaPUC |9 351156 | |
| 650 | 0 | |a Amortización del capital |9 365654 | |
| 650 | 0 | |a Costos |9 261063 | |
| 650 | 7 | |a GASTOS DE AMORTIACION |2 CL-VaPUC |9 365655 | |
| 650 | 7 | |a FINANCIACION |2 CL-VaPUC |9 351156 | |
| 583 | |a last modification |c 19960628 00:00:00 |k Rodrigo Vera | ||
| 490 | 0 | |a Seminario de Derecho Mercantil de la Universidad de Barcelona, 2 | |
| 999 | |c 249812 |d 249810 | ||
| 952 | |0 0 |1 0 |4 0 |6 658_150000000000000_DEF_1962 |7 0 |8 A |9 267342 |a BIBING |b BIBING |d 2019-11-19 |i 1694359 |o 658.15 DEF 1962 |p 1694359 |r 2025-01-20 |w 2019-11-19 |y BK |k TRA | ||